| 000 | 00448nam a22001577a 4500 | ||
|---|---|---|---|
| 005 | 20241029095748.0 | ||
| 008 | 241029b |||||||| |||| 00| 0 eng d | ||
| 020 | _a9780078210372 | ||
| 050 | _aKF889.3 B76 2000 | ||
| 100 | _aBrown, Gordon, W. & Sukys Paul, A. | ||
| 245 |
_aBusiness Law _bWith UCC Applications |
||
| 260 |
_aNey York City _bGlencoe, McGraw-Hill |
||
| 300 |
_axiii, 865 pages. _c26cm |
||
| 650 | _2Business Law | ||
| 942 |
_2lcc _cBK _n0 |
||
| 999 |
_c336 _d336 |
||